| Tag |
First Indicator |
Second Indicator |
Subfields |
| LEADER |
00000cam a2200000 4500 |
| 001 |
in00000053708 |
| 005 |
20190223063042.0 |
| 008 |
780731s1932 enk 00010 engm |
| 010 |
|
|
|a 32030001
|
| 035 |
|
|
|a (OCoLC)04095644
|
| 035 |
|
|
|9 AAG0512AM
|
| 040 |
|
|
|a DLC
|c EEM
|d EEM
|d TXA
|d UtOrBLW
|
| 049 |
|
|
|a TXAM
|c [350187]
|
| 050 |
|
0 |
|a JC311
|b .L25
|
| 092 |
|
|
|a 320.15
|b L345n
|
| 100 |
1 |
|
|a Laski, Harold J.
|q (Harold Joseph),
|d 1893-1950.
|
| 245 |
1 |
0 |
|a Nationalism and the future of civilization :
|b delivered at Conway hall ... on April 6, 1932 /
|c by Harold J. Laski ... (Mr. H. N. Brailsford in the chair).
|
| 264 |
|
1 |
|a London :
|b Watts & co.,
|c [1932]
|
| 300 |
|
|
|a 64 pages ;
|c 17 cm.
|
| 336 |
|
|
|a text
|b txt
|2 rdacontent
|
| 337 |
|
|
|a unmediated
|b n
|2 rdamedia
|
| 338 |
|
|
|a volume
|b nc
|2 rdacarrier
|
| 490 |
1 |
|
|a Conway memorial lecture
|
| 650 |
|
0 |
|a Nationalism.
|
| 650 |
|
0 |
|a Sovereignty.
|
| 650 |
|
0 |
|a International cooperation.
|
| 830 |
|
0 |
|a Conway memorial lecture.
|
| 999 |
|
|
|a MARS
|
| 999 |
f |
f |
|s 13d73e90-8dd9-3624-8c7c-c304553942e6
|i 3a3eda1e-fbd4-38be-882a-3aa5c9f8c3be
|t 0
|
| 952 |
f |
f |
|p ric
|a Texas A&M University
|b Rellis Campus
|c Joint Library Facility
|d Remote Storage
|t 0
|e JC311 .L25
|h Library of Congress classification
|i unmediated -- volume
|m A14800658274
|
| 998 |
f |
f |
|a JC311 .L25
|t 0
|l Remote Storage
|